Age erasers rof women : (Record no. 135570)
[ view plain ]
| 000 -LEADER | |
|---|---|
| fixed length control field | 00788nam a22002297a 4500 |
| 005 - DATE AND TIME OF LATEST TRANSACTION | |
| control field | 20170124110247.0 |
| 010 ## - LIBRARY OF CONGRESS CONTROL NUMBER | |
| LC control number | A-861740 |
| 020 ## - INTERNATIONAL STANDARD BOOK NUMBER | |
| Terms of availability | 00.00 |
| International Standard Book Number | 0875964060 |
| 035 ## - SYSTEM CONTROL NUMBER | |
| System control number | A-861740 |
| 037 ## - SOURCE OF ACQUISITION | |
| Source of stock number/acquisition | Cen Lib/Ret |
| 040 ## - CATALOGING SOURCE | |
| Original cataloging agency | DPL |
| Language of cataloging | EN |
| 082 ## - DEWEY DECIMAL CLASSIFICATION NUMBER | |
| Classification number | 613.04244 |
| Item number | DOL |
| 100 ## - MAIN ENTRY--PERSONAL NAME | |
| Personal name | Dollemore, Doug |
| 9 (RLIN) | 97693 |
| 245 ## - TITLE STATEMENT | |
| Title | Age erasers rof women : |
| Statement of responsibility, etc | by Dougi Dollemore...[et. al] ; edited by Patricia Fisher |
| Medium | actionyou can right now to look younger and feel great / |
| 260 ## - PUBLICATION, DISTRIBUTION, ETC. (IMPRINT) | |
| Place of publication, distribution, etc | Emmaus, Pennsylvnia |
| Name of publisher, distributor, etc | Rodale Press |
| 300 ## - PHYSICAL DESCRIPTION | |
| Extent | xii,676p. : |
| Dimensions | 23cm(Hb) |
| Other physical details | ill. |
| 500 ## - GENERAL NOTE | |
| General note | Includes index |
| 650 ## - SUBJECT ADDED ENTRY--TOPICAL TERM | |
| Topical term or geographic name as entry element | Middle aged women--Health and hygiene |
| 9 (RLIN) | 97694 |
| 650 ## - SUBJECT ADDED ENTRY--TOPICAL TERM | |
| Topical term or geographic name as entry element | Aged women--Health and hygiene |
| 9 (RLIN) | 97695 |
| 700 ## - ADDED ENTRY--PERSONAL NAME | |
| Personal name | Fisher, Patricia |
| 9 (RLIN) | 97696 |
| 942 ## - ADDED ENTRY ELEMENTS (KOHA) | |
| Source of classification or shelving scheme | Dewey Decimal Classification |
| Koha item type | English Books |
| Classification part | 025.22 |
| Call number suffix | UNE |
| Withdrawn status | Lost status | Damaged status | Not for loan | Home library | Current library | Date acquired | Source of acquisition | Cost, normal purchase price | Total Checkouts | Full call number | Barcode | Date last seen | Date checked out | Copy number | Cost, replacement price | Price effective from | Koha item type | Public note |
|---|---|---|---|---|---|---|---|---|---|---|---|---|---|---|---|---|---|---|
| Written off | Central Library | Central Library | 07/10/2015 | Cen Lib/Ret | 0.00 | 2 | 613.04244 DOL | A-861740 | 23/09/2017 | 09/09/2017 | 1 | 0.00 | 07/10/2015 | English Books | Written off on approval by DLB (By Circulation); dtd 15-06-2023 |
